| 000 | 00400nam a2200145 4500 | ||
|---|---|---|---|
| 001 | 1938 | ||
| 005 | 20181127164242.0 | ||
| 008 | 700820s1968 ilua 000 0 eng | ||
| 010 | _a 68012119 | ||
| 100 | 1 | _aFriedman, Nathaniel A. | |
| 245 | 1 | 0 |
_aBasic calculus / _cNathaniel A. Friedman. |
| 260 |
_aGlenview, IL : _bScott, Foresman and Co., _c1968. |
||
| 300 |
_a295 p. : _bill. _c _e |
||
| 650 | 0 | _aCalculus. | |
| 999 |
_c1491 _d1491 |
||